Utilización de subproductos en la alimentación del ganado

Kaydedildi:
Detaylı Bibliyografya
Yazar: Wernli Kupfer, Claudio (Yazar)
Materyal Türü: Kitap
Dil:İspanyolca
Baskı/Yayın Bilgisi: Santiago Sociedad Chilena de Producción Animal 1982
Konular:
Etiketler: Etiketle
Etiket eklenmemiş, İlk siz ekleyin!

MARC

LEADER 00000nam a2200000 a 4500
001 UCR9157
003 CL-VaPUC
008 980613e19820000CL |||||||||||||||||spa|d
082 0 4 |a 636.21  |b WER  |2 21 
100 0 |a Wernli Kupfer, Claudio  |e author  |9 411382 
245 1 0 |a Utilización de subproductos en la alimentación del ganado 
300 |a 87 p 
942 |c BK 
945 |d 19980613 00:00:00  |a mvenant 
260 |a Santiago  |b Sociedad Chilena de Producción Animal  |c 1982 
650 0 |a Alimentación animal  |9 393779 
650 7 |a TECNICAS DE ALIMENTACION  |2 CL-VaPUC  |9 411384 
650 0 |a Ganado vacuno  |9 264243 
650 0 |a Alimentación y alimentos   |9 261313 
650 0 |a Alimentos para animales   |9 389504 
650 0 |a Ganadería  |9 264177 
583 |a last modification  |c 19980613 00:00:00  |k Rodrigo Vera 
999 |c 270370  |d 270368